Statistics for Top Afroasiatic Languages

Click here to take the quiz!

General Stats

  • This quiz has been taken 55 times
  • The average score is 5 of 10

Answer Stats

# SpeakersLanguage% Correct
295 mil.Arabic
100%
25 mil.Amharic
87%
5.0 mil.Hebrew
85%
15 mil.Somali
72%
24 mil.Oromo
62%
34 mil.Hausa
51%
6.9 mil.Tigrinya
49%
7.5 mil.Afar
18%
5.6 mil.Kabyle
10%
7.0 mil.Shilha
8%

Score Distribution

Percentile by Number Answered

Percent of People with Each Score

Your Score History

You have not taken this quiz